| 000 | 01113nam a2200265 4500 | ||
|---|---|---|---|
| 003 | EG-GICUC | ||
| 005 | 20260414115752.0 | ||
| 008 | 770304s1955 ne fr i000 0 eng | ||
| 040 |
_aEG-GiCUC _bfre _cEG-GiCUC _dEG-GiCUC _erda |
||
| 041 | 0 | _afre | |
| 082 | 0 | 4 |
_221 _a341.63 _bNO |
| 092 | 0 | 4 | _221 |
| 099 | _aLaw1 11 341.63 NO 1955 | ||
| 245 | 0 | 0 |
_aNottebohm case (Liechtenstein v. Guatemala) : _bjudgments of November 18th, 1953 (preliminary objection) and April 6th, 1955 (second phase of the case). _nVol 1 / _cInternational Court of Justice = Affaire Nottebohm (Liechtenstein c. Guatemala) : arrêts du 18 novembre 1953 (exception préliminaire) et du 6 avril 1955 (deuxième phase de l’affaire) / Cour internationale de justice. |
| 264 | 1 |
_a[Hague] : _bThe Court, _c1955. |
|
| 300 |
_a560 ؛ pages _c24 cm |
||
| 336 |
_2rda content _atext |
||
| 337 |
_2rda media _aComputer |
||
| 338 |
_2rda carrier _aOnline Resource |
||
| 546 | _aText in English | ||
| 650 | 1 | 4 | _aDroit international public |
| 856 | 4 | 0 | _uhttps://fll.law.cu.edu.eg/fulltext/bks/B11-07178.pdf |
| 905 | _a30 | ||
| 942 |
_2ddc _cBK _e21 _n0 |
||
| 999 |
_c70851 _d70851 |
||